Countries Three Borders Away from France - Statistics

General Stats
  • This quiz has been taken 80 times
  • The average score is 10 of 14
Answers on the Map
Answers color-coded by a green-red scale on the quiz's map according to % correct below.
 
Answer Stats
Answer % Correct
Hungary
94%
Belarus
91%
Slovakia
91%
Ukraine
90%
Croatia
88%
Lithuania
85%
Chile
84%
Russia
81%
Panama
75%
Ecuador
72%
Algeria
58%
Mauritania
55%
Ireland
39%
Canada
21%
No matching quizzes found
Score Distribution
Percent of People with Each Score
Percentile by Number Answered
Your Score History
You have not taken this quiz